Tous les clubs belges ayant participés à la Ligue des Champions - Statistiques

Statistiques générales
  • Ce quiz a été pris 132 fois
    29 depuis la dernière actualisation
  • Le résultat moyen est 7 sur 11
Statistiques - réponses
1er participation Dernière participation Nombre de participations Clubs % Correct
1955-56 2017-18 28 Anderlecht
100%
1973-74 2026-27 20 Club de Bruges
97%
1958-59 2009-10 9 Standard de Liège
83%
2025-26 2025-26 1 Union Saint-Gilloise
83%
1957-58 2023-24 2 Antwerp
79%
2015-16 2015-16 1 La Gantoise
76%
2002-03 2019-20 3 Genk
69%
1989-90 1989-90 1 Malines
52%
1975-76 1975-76 1 RWDM
34%
1960-61 1997-98 2 Lierse
24%
1979-80 1984-85 2 Waasland Beveren
24%
Aucun quiz correspondant
Distribution des résultats
% des personnes avec chaque résultat
Percentile par nombre de réponses
Votre historique - résultats
Vous n’avez pas pris ce quiz depuis la dernière actualisation